Griffiths complete building price book 1998 (Record no. 113660)

MARC details
000 -LEADER
fixed length control field 00665cam a2200253 4500
001 - CONTROL NUMBER
control field L155560
008 - FIXED-LENGTH DATA ELEMENTS--GENERAL INFORMATION
fixed length control field 000000n1998 000 0 eng u
020 ## - INTERNATIONAL STANDARD BOOK NUMBER
International Standard Book Number 0900417358
022 ## - INTERNATIONAL STANDARD SERIAL NUMBER
International Standard Serial Number 0142713X
035 ## - SYSTEM CONTROL NUMBER
System control number (Sirsi) u155560
041 ## - LANGUAGE CODE
Language code of text/sound track or separate title eng
050 ## - LIBRARY OF CONGRESS CALL NUMBER
Classification number 692.5
245 ## - TITLE STATEMENT
Title Griffiths complete building price book 1998
250 ## - EDITION STATEMENT
Edition statement 44th ed.
260 ## - PUBLICATION, DISTRIBUTION, ETC.
Place of publication, distribution, etc. Bournemouth
Name of publisher, distributor, etc. Glenigan Cost Information Services
Date of publication, distribution, etc. 1998
300 ## - PHYSICAL DESCRIPTION
Extent 768p
350 ## - PRICE (NR) (BK AM CF MU VM SE) [OBSOLETE]
Price 85
650 ## - SUBJECT ADDED ENTRY--TOPICAL TERM
Topical term or geographic name entry element BUILT ENVIRONMENT-BUILDING COSTS
650 ## - SUBJECT ADDED ENTRY--TOPICAL TERM
Topical term or geographic name entry element ESTIMATING
650 ## - SUBJECT ADDED ENTRY--TOPICAL TERM
Topical term or geographic name entry element BUILDING PRICE BOOKS
651 #4 - SUBJECT ADDED ENTRY--GEOGRAPHIC NAME
Geographic name ENGLAND AND WALES
690 ## - LOCAL SUBJECT ADDED ENTRY--TOPICAL TERM (OCLC, RLIN)
Topical term or geographic name as entry element BUILT ENVIRONMENT-BUILDING COSTS
942 ## - ADDED ENTRY ELEMENTS (KOHA)
Suppress in OPAC 0
Holdings
Withdrawn status Lost status Source of classification or shelving scheme Damaged status Not for loan Home library Current library Shelving location Date acquired Total Checkouts Full call number Barcode Date last seen Copy number Price effective from Koha item type
    Dewey Decimal Classification     London London Basement 29/03/2012   692.5 30077360 06/08/2019 1 06/08/2019 Book